00928nam a22002537a 4500001001000000003000500010005001700015008004100032010001000073011001000083035001100093040000900104082002000113110007400133245016700207260007800374300004700452650003800499650003400537650002500571650002500596650002300621700003000644000099832CHAP20220329143422.0090601s2002 mx a r 00010 spa d a96296 a97268 a107932 cCHAP04a631.597274bUa12 aUACH.bDepartamento de Preparatoria Agrícola. Área de Agronomía10aReporte del viaje de estudios a la comunidad de Collantes municipio de Pinotepa Nacional, Oaxaca, del 20 al 29 de abril de 2002 /c/por José Manuel Arceo Arceo. aChapingo, Méx. :bUACH. Departamento de Preparatoria Agrícola,c2002. a110 h. :bilus., cuadros, diagramas, ilus.14aAgriculturaxEstudio y ensenanza.14aAgriculturaxInvestigación.14aAgriculturaxOaxaca.14aComunidades rurales.14aViajes de estudio.0 aArceo Arceo, Jose Manuel.